| 000 | 01051cam a2200145 4500500 | ||
|---|---|---|---|
| 005 | 20260405032049.0 | ||
| 041 | _afre | ||
| 042 | _adc | ||
| 100 | 1 | 0 |
_aDeschamps, Jean-Claude _eauthor |
| 700 | 1 | 0 |
_aMoliner, Pascal _eauthor |
| 245 | 0 | 0 | _aL'identité en psychologie sociale : Des processus identitaires aux représentations sociales |
| 260 |
_bArmand Colin,
_c2012. |
||
| 520 | _aPour comprendre la notion centrale et particulièrement complexe d’identité, située à l'articulation du social et du psychologique, cet ouvrage ancre l'approche dans la psychologie sociale, et définit l'identité comme un sentiment dynamique de similitudes et de différences entre soi, autrui et certains groupes. Cette conception amène les auteurs à donner une place centrale aux représentations dans la problématique de l'identité : représentations identitaires, représentations sociales et représentations du social. | ||
| 856 | 4 | 1 | _uhttps://shs.cairn.info/l-identite-en-psychologie-sociale--9782200279080?lang=fr&redirect-ssocas=7080 |
| 999 |
_c2151971 _d2151971 |
||